[Event "Excelsior February U1900"]
[Site "Toronto CAN"]
[Date "2023.02.04"]
[Round "3.20"]
[White "Yang, Albert"]
[Black "Momic, Jovan"]
[Result "0-1"]
[WhiteElo "1221"]
[BlackElo "1741"]
[PlyCount "30"]
[EventDate "2023.02.03"]
[EventType "swiss"]
[EventRounds "5"]
[EventCountry "CAN"]

1. Nf3 d5 2. g3 Nd7 3. Bg2 e5 4. d3 Ngf6 5. O-O c6 6. Nbd2 Bc5 7. e4 O-O 8. h3
Re8 9. Re1 Qb6 10. Re2 Nh5 11. Kf1 Ndf6 12. Nb3 Bxf2 13. Rxf2 Nxg3+ 14. Ke1
dxe4 15. Ng5 e3 0-1

[Event "Excelsior February U1900"]
[Site "Toronto CAN"]
[Date "2023.02.04"]
[Round "3.21"]
[White "Osler, Brian"]
[Black "Anish, Diganth"]
[Result "1-0"]
[WhiteElo "1522"]
[BlackElo "1166"]
[PlyCount "145"]
[EventDate "2023.02.03"]
[EventType "swiss"]
[EventRounds "5"]
[EventCountry "CAN"]

1. d4 Nf6 2. Bf4 d5 3. e3 b6 4. c3 Bb7 5. Nd2 a6 6. Bd3 e6 7. Ngf3 Bd6 8. Bg3
Nc6 9. e4 dxe4 10. Nxe4 Nxe4 11. Bxe4 f5 12. Bd3 Qd7 13. Qe2 Ne7 14. O-O-O Bxg3
15. hxg3 b5 16. Rhe1 O-O-O 17. Qxe6 Qxe6 18. Rxe6 Rde8 19. Rde1 Kd7 20. R6e2
Bxf3 21. gxf3 g6 22. Bc2 c6 23. Bb3 Rhf8 24. c4 f4 25. g4 a5 26. cxb5 cxb5 27.
Re5 a4 28. Bc2 Nc6 29. Rxe8 Rxe8 30. Rxe8 Kxe8 31. d5 Nb4 32. a3 Nxd5 33. Bd3
Nc7 34. Kd2 Kd7 35. Kc3 Kd6 36. Be4 Kc5 37. Bc2 Nd5+ 38. Kd3 h5 39. gxh5 gxh5
40. Ke2 Nf6 41. Kf1 Kd4 42. Kg2 Kc4 43. Kh3 Nd5 44. Kh4 Kd4 45. Kxh5 Ke5 46.
Kg5 Nc7 47. Be4 Ne6+ 48. Kg4 Nd4 49. Bd3 Kd6 50. Kxf4 Kd5 51. Ke3 Ke5 52. f4+
Kd5 53. f5 Nxf5+ 54. Bxf5 Ke5 55. Bd7 b4 56. Bxa4 bxa3 57. bxa3 Kf5 58. Kf3 Kf6
59. Kf4 Kf7 60. Kf5 Kf8 61. f4 Kf7 62. Bd1 Kf8 63. Kf6 Ke8 64. Kg7 Kd8 65. f5
Ke7 66. f6+ Ke8 67. f7+ Kd7 68. f8=Q Ke6 69. Qc5 Kd7 70. Qb6 Kc8 71. Qa7 Kd8
72. Kf6 Ke8 73. Qe7# 1-0

[Event "Excelsior February U1900"]
[Site "Toronto CAN"]
[Date "2023.02.04"]
[Round "3.22"]
[White "Downie, Peter"]
[Black "Sottile, Claudio"]
[Result "0-1"]
[WhiteElo "1162"]
[BlackElo "1468"]
[PlyCount "72"]
[EventDate "2023.02.03"]
[EventType "swiss"]
[EventRounds "5"]
[EventCountry "CAN"]

1. e4 c5 2. c3 d5 3. exd5 Qxd5 4. d4 e6 5. Nf3 Nf6 6. b3 Nc6 7. Bc4 Qe4+ 8. Qe2
Qxe2+ 9. Bxe2 cxd4 10. cxd4 Bb4+ 11. Bd2 Nd5 12. Bb5 Bd7 13. O-O O-O 14. a3
Bxd2 15. Nbxd2 a6 16. Bxc6 Bxc6 17. Rac1 Nf4 18. Rc2 f6 19. Re1 Kf7 20. Ne4
Rad8 21. g3 Ng6 22. Kg2 Rfe8 23. h4 h5 24. Nc5 e5 25. Rce2 Rxd4 26. Ne4 Rd3 27.
Rd2 Red8 28. Rxd3 Rxd3 29. b4 Rxa3 30. Nd6+ Ke6 31. Ne4 Ne7 32. Nc5+ Kf7 33.
Re3 Ra2 34. Kg1 Nf5 35. Rd3 Nd4 36. Nxd4 Ra1+ 0-1

[Event "Excelsior February U1900"]
[Site "Toronto CAN"]
[Date "2023.02.04"]
[Round "3.23"]
[White "El Habboub, Hicham"]
[Black "Chen, Larry Zhou"]
[Result "1-0"]
[WhiteElo "1444"]
[BlackElo "911"]
[PlyCount "51"]
[EventDate "2023.02.03"]
[EventType "swiss"]
[EventRounds "5"]
[EventCountry "CAN"]

1. e4 c6 2. d4 d5 3. exd5 Nf6 4. dxc6 Nxc6 5. Nf3 e5 6. dxe5 Qxd1+ 7. Kxd1 Ng4
8. Be3 Bf5 9. Bb5 O-O-O+ 10. Nbd2 Ngxe5 11. Nxe5 Nxe5 12. Bxa7 Be4 13. Rg1 g6
14. Ke2 Bc6 15. Bxc6 Nxc6 16. Be3 Bg7 17. c3 Rhe8 18. Rge1 Be5 19. Kf1 f5 20.
Nf3 Bf6 21. Rad1 Ne5 22. Rxd8+ Rxd8 23. Nxe5 Bxe5 24. Bg5 Bxh2 25. Bxd8 Kxd8
26. g3 1-0

[Event "Excelsior February U1900"]
[Site "Toronto CAN"]
[Date "2023.02.04"]
[Round "3.24"]
[White "Basi, Karandeep"]
[Black "Bakradze, Joshua"]
[Result "1-0"]
[WhiteElo "1426"]
[BlackElo "1118"]
[PlyCount "87"]
[EventDate "2023.02.03"]
[EventType "swiss"]
[EventRounds "5"]
[EventCountry "CAN"]

1. c4 Nf6 2. g3 c5 3. Bg2 e6 4. Nc3 d5 5. cxd5 exd5 6. d4 Be6 7. dxc5 Bxc5 8.
Nf3 O-O 9. O-O Nc6 10. Ng5 h6 11. Nxe6 fxe6 12. e3 Rc8 13. b3 d4 14. exd4 Bxd4
15. Bb2 Nb4 16. Na4 Bxb2 17. Nxb2 Qb6 18. Nc4 Qc7 19. Qe1 Qe7 20. Qe2 b5 21.
Ne3 a6 22. Rac1 Qd6 23. Rfd1 Rxc1 24. Rxc1 Nbd5 25. Ng4 Nxg4 26. Qxg4 Nb4 27.
Rd1 Qb6 28. Qxb4 Qxf2+ 29. Kh1 Qxa2 30. Qc3 a5 31. Ra1 b4 32. Qxg7+ Kxg7 33.
Rxa2 Rc8 34. Bh3 Kf6 35. Kg2 Rc5 36. Bg4 h5 37. Be2 e5 38. Bc4 e4 39. Kf2 Kg5
40. Ke3 Kf5 41. Kd4 Re5 42. Re2 a4 43. bxa4 Ra5 44. Bb5 1-0

[Event "Excelsior February U1900"]
[Site "Toronto CAN"]
[Date "2023.02.04"]
[Round "3.25"]
[White "Uyanik, Mehmet"]
[Black "Lukinykh, Slava"]
[Result "1-0"]
[WhiteElo "1290"]
[BlackElo "1314"]
[PlyCount "39"]
[EventDate "2023.02.03"]
[EventType "swiss"]
[EventRounds "5"]
[EventCountry "CAN"]

1. e4 c5 2. Nf3 Nc6 3. d4 cxd4 4. Nxd4 Nf6 5. Nc3 e5 6. Nxc6 bxc6 7. Bg5 Bc5 8.
Bc4 Qb6 9. Qf3 Qxb2 10. O-O Be7 11. Rab1 Qa3 12. Rfd1 h5 13. Rd3 Qa5 14. Qg3 h4
15. Bxh4 Nh5 16. Qf3 Bxh4 17. Bxf7+ Ke7 18. Bxh5 Ba6 19. Qf7+ Kd8 20. Qxd7# 1-0

[Event "Excelsior February U1900"]
[Site "Toronto CAN"]
[Date "2023.02.04"]
[Round "3.26"]
[White "Sreekumar Maliekal, Balakrishnan"]
[Black "Naiboglu, Onur"]
[Result "1-0"]
[WhiteElo "1401"]
[BlackElo "1321"]
[PlyCount "97"]
[EventDate "2023.02.03"]
[EventType "swiss"]
[EventRounds "5"]
[EventCountry "CAN"]

1. d4 Nf6 2. c4 e6 3. Nf3 d5 4. g3 Be7 5. Bg2 O-O 6. O-O dxc4 7. Ne5 Nd5 8.
Nxc4 Nc6 9. Nc3 b6 10. Nxd5 exd5 11. Ne3 Be6 12. b3 Qd7 13. Bb2 Bf6 14. Rc1 Ne7
15. Qc2 Rac8 16. Rfd1 Bh3 17. Bxh3 Qxh3 18. Ba3 c6 19. Rd3 Qe6 20. Ng2 Rfe8 21.
e3 Rc7 22. Rc3 Rec8 23. Nf4 Qd7 24. Qd1 c5 25. Nh5 Qe6 26. Nxf6+ Qxf6 27. dxc5
b5 28. b4 Rd8 29. Bb2 Nc6 30. a3 a5 31. R3c2 Qf5 32. Bc3 axb4 33. axb4 h6 34.
Rd2 Rcd7 35. f3 Re8 36. e4 Qh5 37. exd5 Ne7 38. d6 Nc6 39. Re2 Ne5 40. Bxe5
Rxe5 41. Rxe5 Qxe5 42. Qe1 Qd4+ 43. Kg2 Rd8 44. Rd1 Qc4 45. d7 Qc2+ 46. Qd2 Qg6
47. Qe2 Kh7 48. Rd6 Qf5 49. Qe4 1-0

[Event "Excelsior February U1900"]
[Site "Toronto CAN"]
[Date "2023.02.05"]
[Round "4.15"]
[White "Ruchinskaya, Valerie"]
[Black "Murali, Dhruv"]
[Result "1-0"]
[WhiteElo "1861"]
[BlackElo "1220"]
[PlyCount "79"]
[EventDate "2023.02.03"]
[EventType "swiss"]
[EventRounds "5"]
[EventCountry "CAN"]

1. d4 Nf6 2. Bf4 g6 3. Nc3 Bg7 4. e4 d6 5. Qd2 Nbd7 6. Bh6 O-O 7. O-O-O e5 8.
Bxg7 Kxg7 9. d5 Nc5 10. f3 a5 11. g4 h5 12. gxh5 Nxh5 13. Bd3 Nf4 14. Nge2 Qg5
15. Nxf4 Qxf4 16. Qxf4 exf4 17. Nb5 Na6 18. h4 Bd7 19. Nd4 f6 20. Ne2 g5 21.
hxg5 fxg5 22. e5 Bf5 23. Nxf4 dxe5 24. Rdg1 Kf6 25. Rh6+ Kg7 26. Rh5 Bxd3 27.
Ne6+ Kg6 28. Rgxg5+ Kf6 29. Nxf8 Rxf8 30. cxd3 Ke7 31. Rxe5+ Kd6 32. Re6+ Kd7
33. Rh7+ Kd8 34. d6 cxd6 35. Rxd6+ Kc8 36. Rdd7 Nb4 37. a3 Nc6 38. Rdf7 Rd8 39.
Rxb7 Nd4 40. Rhc7# 1-0

[Event "Excelsior February U1900"]
[Site "Toronto CAN"]
[Date "2023.02.05"]
[Round "4.16"]
[White "Ambilwade, Ojal"]
[Black "Milinkovic, Mate"]
[Result "1-0"]
[WhiteElo "1454"]
[BlackElo "1780"]
[PlyCount "61"]
[EventDate "2023.02.03"]
[EventType "swiss"]
[EventRounds "5"]
[EventCountry "CAN"]

1. c4 Nf6 2. d4 e6 3. Nc3 Bb4 4. Qc2 c5 5. e3 O-O 6. Nf3 Nc6 7. Bd3 d5 8. cxd5
exd5 9. O-O c4 10. Be2 Bxc3 11. bxc3 Ne4 12. Bxc4 Bf5 13. Bd3 Rc8 14. Ba3 Re8
15. Rac1 Qa5 16. Qb2 a6 17. Rfd1 Bg4 18. Be2 b5 19. Bb4 Qb6 20. Qb3 Be6 21. a4
bxa4 22. Qxa4 a5 23. Ba3 Na7 24. c4 dxc4 25. Bxc4 Bxc4 26. Rxc4 h6 27. Rdc1 Rb8
28. Ne5 Qf6 29. Qc2 Rxe5 30. dxe5 Qxe5 31. Qxe4 1-0

[Event "Excelsior February U1900"]
[Site "Toronto CAN"]
[Date "2023.02.05"]
[Round "4.17"]
[White "Piccinin, Mario"]
[Black "Supsup, Ferdinand"]
[Result "0-1"]
[WhiteElo "1789"]
[BlackElo "1794"]
[PlyCount "88"]
[EventDate "2023.02.03"]
[EventType "swiss"]
[EventRounds "5"]
[EventCountry "CAN"]

1. f4 d5 2. Nf3 g6 3. e3 Bg7 4. d3 Nf6 5. Be2 c5 6. O-O Nc6 7. c3 h5 8. Qe1 Bg4
9. Nbd2 Qc7 10. Ng5 e5 11. h3 Bf5 12. e4 Be6 13. f5 gxf5 14. exf5 Bd7 15. c4
Nd4 16. Qd1 Nxf5 17. Qe1 Ne3 18. Rf3 Nc2 19. Qf2 Nd4 20. Re3 Be6 21. Bd1 O-O-O
22. b4 dxc4 23. Bb2 Nd5 24. Bxd4 exd4 25. Rxe6 fxe6 26. Nxe6 Qe5 27. Nxd8 Rxd8
28. Nxc4 Qf4 29. Bf3 cxb4 30. a4 Kb8 31. Rb1 Bf8 32. Re1 Ne3 33. g3 Qh6 34. Nd2
h4 35. Ne4 Be7 36. g4 Rf8 37. Nd2 Bd6 38. Rb1 a5 39. Ne4 Bf4 40. Qe2 Nd5 41.
Bg2 Be3+ 42. Kh1 Nf4 43. Qc2 Rc8 44. Qb3 Qc6 0-1

[Event "Excelsior February U1900"]
[Site "Toronto CAN"]
[Date "2023.02.05"]
[Round "4.18"]
[White "Cottrell, Deparse"]
[Black "Shah, Omar"]
[Result "0-1"]
[WhiteElo "1517"]
[BlackElo "1778"]
[PlyCount "92"]
[EventDate "2023.02.03"]
[EventType "swiss"]
[EventRounds "5"]
[EventCountry "CAN"]

1. d4 Nf6 2. c4 g6 3. Nc3 d5 4. cxd5 Nxd5 5. e4 Nxc3 6. bxc3 Bg7 7. Bc4 c5 8.
Ne2 O-O 9. O-O Nc6 10. Be3 Na5 11. Bd5 e6 12. Bb3 Nxb3 13. Qxb3 cxd4 14. cxd4
b6 15. Rfd1 Bb7 16. f3 Rc8 17. Rac1 Qe7 18. Nc3 Rfd8 19. e5 Bc6 20. a4 Qb7 21.
Kf2 h5 22. Nb5 Bxb5 23. Qxb5 Rd7 24. Rxc8+ Qxc8 25. Rc1 Rc7 26. Rxc7 Qxc7 27.
Kg3 Qe7 28. Qc6 Kh7 29. f4 Bh6 30. h4 Bg7 31. d5 exd5 32. Qxd5 Bf8 33. Qb3 Kg7
34. Bf2 Qd7 35. Kh2 Qd2 36. Bg3 Qc1 37. Qb5 Bc5 38. Qe2 Bg1+ 39. Kh1 Bf2+ 40.
Kh2 Qg1+ 41. Kh3 Qh1+ 42. Bh2 Bg1 43. g3 Be3 44. g4 Bxf4 45. gxh5 Qxh2+ 46.
Qxh2 Bxh2 0-1

[Event "Excelsior February U1900"]
[Site "Toronto CAN"]
[Date "2023.02.05"]
[Round "4.19"]
[White "Sottile, Claudio"]
[Black "Osler, Brian"]
[Result "1-0"]
[WhiteElo "1468"]
[BlackElo "1522"]
[PlyCount "69"]
[EventDate "2023.02.03"]
[EventType "swiss"]
[EventRounds "5"]
[EventCountry "CAN"]

1. e4 e6 2. d4 d5 3. exd5 exd5 4. c4 Nf6 5. Nf3 Bb4+ 6. Bd2 Bxd2+ 7. Nbxd2 Nc6
8. Bd3 dxc4 9. Nxc4 O-O 10. O-O Bg4 11. Nce5 Bxf3 12. Nxf3 Qd6 13. Qa4 Ne7 14.
Rac1 c6 15. Rfe1 Ned5 16. g3 Qc7 17. Re5 Qb6 18. Qa3 Rfe8 19. Rce1 Qb4 20.
Rxe8+ Rxe8 21. Rxe8+ Nxe8 22. Qxa7 Qxb2 23. Qa8 Ndc7 24. Qc8 Qxa2 25. Qxb7 Qd5
26. Kg2 g6 27. Qc8 Kf8 28. Qg4 Ne6 29. Qh4 c5 30. Be4 Qd7 31. d5 N6c7 32. Qxh7
Qg4 33. Qh8+ Ke7 34. Qe5+ Kf8 35. d6 1-0

[Event "Excelsior February U1900"]
[Site "Toronto CAN"]
[Date "2023.02.05"]
[Round "4.20"]
[White "Momic, Jovan"]
[Black "Ajith, Aarush"]
[Result "1-0"]
[WhiteElo "1741"]
[BlackElo "1605"]
[PlyCount "103"]
[EventDate "2023.02.03"]
[EventType "swiss"]
[EventRounds "5"]
[EventCountry "CAN"]

1. d4 Nf6 2. c4 e6 3. Nf3 b6 4. g3 Bb7 5. Bg2 d5 6. Ne5 Nbd7 7. Qa4 c5 8. dxc5
Bxc5 9. Nc3 Bd4 10. Nxd7 Qxd7 11. Qxd7+ Nxd7 12. Nb5 Be5 13. f4 a6 14. Na3 Bf6
15. Rb1 Rb8 16. O-O O-O 17. Rd1 Nc5 18. b4 Na4 19. Rd3 Nc3 20. Rb2 dxc4 21.
Nxc4 Bxg2 22. Kxg2 b5 23. Ne3 Na4 24. Rbb3 Rbc8 25. Bd2 Rc6 26. Kf2 h6 27. Ng4
Bd8 28. Ne5 Bb6+ 29. Kf3 Rc2 30. a3 Nb2 31. Rd7 Nc4 32. Nxc4 bxc4 33. Rc3 Rxc3+
34. Bxc3 Rd8 35. Rxd8+ Bxd8 36. Ke4 Bb6 37. Bd4 Bc7 38. Bc5 f6 39. Kd4 Kf7 40.
Kxc4 Ke8 41. a4 g5 42. e4 Kd7 43. b5 axb5+ 44. axb5 Bb8 45. Bf8 h5 46. Kc5 Ba7+
47. b6 Bb8 48. Bg7 gxf4 49. gxf4 f5 50. Be5 Bxe5 51. fxe5 h4 52. b7 1-0

[Event "Excelsior February U1900"]
[Site "Toronto CAN"]
[Date "2023.02.05"]
[Round "4.21"]
[White "Dyck, Tim"]
[Black "Uyanik, Mehmet"]
[Result "1-0"]
[WhiteElo "1552"]
[BlackElo "1290"]
[PlyCount "53"]
[EventDate "2023.02.03"]
[EventType "swiss"]
[EventRounds "5"]
[EventCountry "CAN"]

1. e4 c5 2. Nc3 Nc6 3. Bb5 a6 4. Bxc6 dxc6 5. f4 Qc7 6. d3 e5 7. fxe5 Qxe5 8.
Nf3 Qc7 9. O-O Nf6 10. Qe1 Bd6 11. e5 Be6 12. exd6 Qxd6 13. Ne4 Qd5 14. Neg5
O-O-O 15. Nxe6 fxe6 16. Qe5 Ng4 17. Qxd5 cxd5 18. h3 Nf6 19. Bg5 Rdf8 20. Ne5
h6 21. Bxf6 gxf6 22. Ng6 Rhg8 23. Nxf8 Rxf8 24. Rf3 e5 25. Raf1 Kd7 26. Rxf6
Rh8 27. R1f5 1-0

[Event "Excelsior February U1900"]
[Site "Toronto CAN"]
[Date "2023.02.05"]
[Round "4.22"]
[White "Basi, Karandeep"]
[Black "El Habboub, Hicham"]
[Result "1-0"]
[WhiteElo "1426"]
[BlackElo "1444"]
[PlyCount "43"]
[EventDate "2023.02.03"]
[EventType "swiss"]
[EventRounds "5"]
[EventCountry "CAN"]

1. c4 Nf6 2. g3 g6 3. Bg2 Bg7 4. Nc3 d6 5. Nf3 c5 6. O-O O-O 7. d3 Nc6 8. Rb1
Bd7 9. a3 a6 10. b4 Ne8 11. Qc2 Nc7 12. bxc5 dxc5 13. Rxb7 Nb5 14. cxb5 Na5 15.
bxa6 Nxb7 16. axb7 Rb8 17. Nd2 Bxc3 18. Qxc3 Qb6 19. Nc4 Qa7 20. Bh6 f6 21.
Bxf8 Kxf8 22. Rb1 1-0

[Event "Excelsior February U1900"]
[Site "Toronto CAN"]
[Date "2023.02.05"]
[Round "4.23"]
[White "Anish, Diganth"]
[Black "Desikan, Ajith"]
[Result "0-1"]
[WhiteElo "1166"]
[BlackElo "1764"]
[Annotator ",hugh_brodie@hotmail."]
[PlyCount "55"]
[EventDate "2023.02.03"]
[EventType "swiss"]
[EventRounds "5"]
[EventCountry "CAN"]

1. e4 c5 2. Nf3 d6 3. d4 cxd4 4. Nxd4 Nf6 5. Nc3 e5 6. Nf3 Be7 7. Bc4 O-O 8. h3
b6 9. a4 Qc7 10. Bd5 Bb7 11. Be3 Bc6 12. Bxc6 Qxc6 13. a5 Nbd7 14. O-O Qb7 15.
b3 Rfe8 16. Qe2 Qc6 17. Bd2 Qb7 18. Rfd1 Nc5 19. Rab1 Ne6 20. b4 Bf8 21. Be3
Nc7 22. Bg5 Re6 23. Na4 Nd7 24. c4 h6 25. Bh4 f6 26. Qe3 Ree8 27. Nh2 Ne6 28.
c5 {Unreadable moves. Black won in 47 moves.} 0-1

[Event "Excelsior February U1900"]
[Site "Toronto CAN"]
[Date "2023.02.05"]
[Round "4.24"]
[White "Sreekumar, Gayathri"]
[Black "Sreekumar Maliekal, Balakrishnan"]
[Result "1-0"]
[WhiteElo "977"]
[BlackElo "1401"]
[PlyCount "55"]
[EventDate "2023.02.03"]
[EventType "swiss"]
[EventRounds "5"]
[EventCountry "CAN"]

1. d4 c5 2. c4 b5 3. cxb5 e6 4. e3 a6 5. a4 Nf6 6. Nc3 Bb7 7. Nf3 cxd4 8. exd4
Bb4 9. Be2 O-O 10. O-O d5 11. Qb3 Qe7 12. Bg5 Bd6 13. bxa6 Nxa6 14. Nb5 Rfd8
15. Ne5 Rab8 16. Nxd6 Rxd6 17. Rac1 h6 18. Bxa6 hxg5 19. Nc6 Rxc6 20. Rxc6 Bxc6
21. Qxb8+ Kh7 22. a5 Ne8 23. Rc1 Bd7 24. Bd3+ g6 25. a6 Qd6 26. Qxd6 Nxd6 27.
a7 Bc6 28. Rxc6 1-0

[Event "Excelsior February U1900"]
[Site "Toronto CAN"]
[Date "2023.02.05"]
[Round "4.25"]
[White "Chen, Larry Zhou"]
[Black "Yang, Albert"]
[Result "1-0"]
[WhiteElo "911"]
[BlackElo "1221"]
[PlyCount "44"]
[EventDate "2023.02.03"]
[EventType "swiss"]
[EventRounds "5"]
[EventCountry "CAN"]

1. Nf3 d5 2. d4 c5 3. c4 dxc4 4. Nc3 e6 5. Bf4 Nf6 6. e3 Be7 7. Bxc4 O-O 8. O-O
Nbd7 9. Bg3 Nh5 10. Qc2 Nxg3 11. hxg3 Nf6 12. Rfd1 Qc7 13. d5 e5 14. d6 Bxd6
15. Nb5 Qe7 16. Nxd6 e4 17. Nxc8 Raxc8 18. Nd2 Rfe8 19. Nb1 a6 20. a4 Nd7 21.
Bd5 Nf6 22. Nc3 c4 1-0

[Event "Excelsior February U1900"]
[Site "Toronto CAN"]
[Date "2023.02.05"]
[Round "4.26"]
[White "Lukinykh, Slava"]
[Black "Downie, Peter"]
[Result "1-0"]
[WhiteElo "1314"]
[BlackElo "1162"]
[PlyCount "57"]
[EventDate "2023.02.03"]
[EventType "swiss"]
[EventRounds "5"]
[EventCountry "CAN"]

1. d4 Nf6 2. Bg5 h6 3. Bxf6 exf6 4. e3 d5 5. Nd2 c5 6. c3 Nc6 7. Bd3 c4 8. Bc2
Bd6 9. Ngf3 Bg4 10. e4 O-O 11. O-O Bc7 12. h3 Bh5 13. exd5 Qxd5 14. Be4 Qb5 15.
g4 Bg6 16. Bxg6 fxg6 17. Qe2 Rae8 18. Qxc4+ Qxc4 19. Nxc4 Re2 20. Rfe1 Rfe8 21.
Rxe2 Rxe2 22. Rd1 Na5 23. Nxa5 Bxa5 24. b4 Bc7 25. a4 Rc2 26. Rd3 a6 27. d5 Bb6
28. Nd4 Kf7 29. Nxc2 1-0

[Event "Excelsior February U1900"]
[Site "Toronto CAN"]
[Date "2023.02.05"]
[Round "4.27"]
[White "Bakradze, Joshua"]
[Black "Naiboglu, Onur"]
[Result "0-1"]
[WhiteElo "1118"]
[BlackElo "1321"]
[PlyCount "68"]
[EventDate "2023.02.03"]
[EventType "swiss"]
[EventRounds "5"]
[EventCountry "CAN"]

1. e4 e5 2. Nf3 Nc6 3. Bb5 a6 4. Ba4 Nf6 5. O-O b5 6. Bb3 Bc5 7. d3 d6 8. Bg5
h6 9. Bh4 g5 10. Bg3 Bg4 11. Nbd2 h5 12. h3 h4 13. hxg4 hxg3 14. Nxg5 gxf2+ 15.
Rxf2 Bxf2+ 16. Kxf2 Rf8 17. a4 Nd4 18. Ba2 Qd7 19. c3 Ne6 20. Ndf3 Nxg4+ 21.
Ke1 Qe7 22. Bd5 Rb8 23. Bc6+ Kd8 24. Nh3 Rg8 25. Kd2 Nf4 26. Nxf4 exf4 27. Qh1
Ne3 28. Kc1 b4 29. Nd4 Qg5 30. Bd5 Nxd5 31. Nc6+ Kc8 32. Nxb8 f3+ 33. Kb1 Qxg2
34. Qxg2 fxg2 0-1

[Event "Excelsior February U1900"]
[Site "Toronto CAN"]
[Date "2023.02.05"]
[Round "5.15"]
[White "Ambilwade, Ojal"]
[Black "Ruchinskaya, Valerie"]
[Result "0-1"]
[WhiteElo "1454"]
[BlackElo "1861"]
[PlyCount "112"]
[EventDate "2023.02.03"]
[EventType "swiss"]
[EventRounds "5"]
[EventCountry "CAN"]

1. c4 c6 2. d4 d5 3. Nf3 Nf6 4. Nbd2 Bf5 5. Nh4 Bg4 6. h3 Bh5 7. Nhf3 e6 8. e3
Nbd7 9. Be2 Bd6 10. O-O Qe7 11. c5 Bc7 12. b4 e5 13. dxe5 Nxe5 14. Bb2 Nxf3+
15. Nxf3 O-O 16. Rc1 Ne4 17. b5 f5 18. Nd4 Be8 19. Qc2 Bd7 20. bxc6 bxc6 21.
Nf3 f4 22. Bd4 Bf5 23. Bd3 Rae8 24. Rfe1 Qd7 25. Qd1 h6 26. Bf1 g5 27. Nd2 Ba5
28. Nxe4 Bxe4 29. Re2 f3 30. Rb2 fxg2 31. Bxg2 Bg6 32. Bc3 Bc7 33. Qd4 Kh7 34.
Qa4 Bf5 35. h4 gxh4 36. Qxh4 Rg8 37. Bd4 Rg4 38. Qh1 Be4 39. f4 Reg8 40. Rcc2
Bxc2 41. Rxc2 Qf5 42. Rb2 Qe4 43. Kf1 Qd3+ 44. Kg1 Qd1+ 45. Kf2 Rxg2+ 46. Qxg2
Rxg2+ 47. Kxg2 Bxf4 48. Rb7+ Kg6 49. Rg7+ Kh5 50. exf4 Qxd4 51. Rxa7 Qxf4 52.
Ra3 Qd2+ 53. Kf3 Qb4 54. Re3 Qxc5 55. Re5+ Kg6 56. Re6+ Kg7 0-1

[Event "Excelsior February U1900"]
[Site "Toronto CAN"]
[Date "2023.02.05"]
[Round "5.16"]
[White "Supsup, Ferdinand"]
[Black "Momic, Jovan"]
[Result "1-0"]
[WhiteElo "1794"]
[BlackElo "1741"]
[PlyCount "85"]
[EventDate "2023.02.03"]
[EventType "swiss"]
[EventRounds "5"]
[EventCountry "CAN"]

1. d4 d5 2. Nf3 Nf6 3. c3 e6 4. Bf4 c5 5. e3 Nc6 6. Nbd2 Qb6 7. Rb1 Be7 8. Bd3
O-O 9. h4 cxd4 10. exd4 Ng4 11. Bxh7+ Kh8 12. Bc2 e5 13. Nxe5 Ncxe5 14. Bxe5
Bf6 15. Nf3 Re8 16. O-O Bxe5 17. Nxe5 Nxe5 18. dxe5 Rxe5 19. Qf3 Qe6 20. Rbd1
Bd7 21. Rd4 Bc6 22. g4 Re8 23. g5 g6 24. Bd3 Kg7 25. a4 Re7 26. Kh2 Qd6 27. Kh1
Re1 28. Kg2 Rxf1 29. Kxf1 Qe5 30. Kg2 Re6 31. a5 b5 32. axb6 axb6 33. b4 Qe1
34. Bc2 Qe5 35. Bb3 Rd6 36. Qd3 Bd7 37. Bxd5 Rxd5 38. Rxd5 Bc6 39. c4 b5 40. f3
Qf4 41. Qd4+ Kh7 42. Qxf4 Kg7 43. Qd4+ 1-0

[Event "Excelsior February U1900"]
[Site "Toronto CAN"]
[Date "2023.02.05"]
[Round "5.17"]
[White "Shah, Omar"]
[Black "Sottile, Claudio"]
[Result "1-0"]
[WhiteElo "1778"]
[BlackElo "1468"]
[PlyCount "105"]
[EventDate "2023.02.03"]
[EventType "swiss"]
[EventRounds "5"]
[EventCountry "CAN"]

1. Nf3 d5 2. e3 Nf6 3. c4 c5 4. cxd5 Nxd5 5. a3 g6 6. Nc3 Bg7 7. Bb5+ Nc6 8.
Qa4 Nxc3 9. bxc3 Bd7 10. Qb3 Qb6 11. Bc4 Qxb3 12. Bxb3 Na5 13. Bd1 O-O 14. Rb1
a6 15. d4 Bf5 16. Rb6 Be4 17. Be2 Rac8 18. O-O cxd4 19. cxd4 Rc2 20. Nd2 Bd5
21. Bd3 Rc3 22. Be4 Nc4 23. Rb4 e6 24. Nb1 Rb3 25. Rxb3 Bxe4 26. Nc3 Bd3 27.
Re1 Rc8 28. Na2 Be4 29. Nb4 Na5 30. Rb2 Rc3 31. f3 Bd5 32. Nxd5 exd5 33. Bd2
Rxa3 34. Bxa5 Rxa5 35. Rxb7 Bf8 36. Rc1 Ra3 37. Rc8 Kg7 38. Rcc7 Rxe3 39. Rxf7+
Kg8 40. Rfd7 a5 41. Rxd5 a4 42. Ra7 a3 43. Kf2 Rb3 44. Kg3 h6 45. Rdd7 Rb8 46.
d5 h5 47. d6 g5 48. Rxa3 Rb4 49. Ra8 h4+ 50. Kh3 Rf4 51. Rdd8 Kg7 52. Rxf8 Rxf8
53. Rxf8 1-0

[Event "Excelsior February U1900"]
[Site "Toronto CAN"]
[Date "2023.02.05"]
[Round "5.18"]
[White "Dyck, Tim"]
[Black "Piccinin, Mario"]
[Result "1-0"]
[WhiteElo "1552"]
[BlackElo "1789"]
[PlyCount "69"]
[EventDate "2023.02.03"]
[EventType "swiss"]
[EventRounds "5"]
[EventCountry "CAN"]

1. e4 Nc6 2. d4 d5 3. e5 f6 4. f4 Nh6 5. Nf3 Bf5 6. c3 e6 7. Bd3 Be4 8. Qe2 f5
9. Bb5 Be7 10. Be3 Nf7 11. Nbd2 a6 12. Bxc6+ bxc6 13. Nxe4 fxe4 14. Nd2 a5 15.
Qg4 Kd7 16. f5 Nh6 17. fxe6+ Kc8 18. Bxh6 gxh6 19. Nb3 a4 20. Nc5 Bxc5 21. dxc5
Qe7 22. O-O Re8 23. Rf7 Qxe6 24. Rf5 Kb7 25. Raf1 Rg8 26. Qd1 Rg5 27. Rf7 Qg6
28. Qd4 Re8 29. Qb4+ Kc8 30. Rxc7+ Kxc7 31. Qb6+ Kc8 32. Qa6+ Kd7 33. Qb7+ Ke6
34. Qxc6+ Kxe5 35. Qc7+ 1-0

[Event "Excelsior February U1900"]
[Site "Toronto CAN"]
[Date "2023.02.05"]
[Round "5.19"]
[White "Milinkovic, Mate"]
[Black "Murali, Dhruv"]
[Result "1/2-1/2"]
[WhiteElo "1780"]
[BlackElo "1220"]
[PlyCount "108"]
[EventDate "2023.02.03"]
[EventType "swiss"]
[EventRounds "5"]
[EventCountry "CAN"]

1. d4 Nf6 2. c4 g6 3. Nc3 Bg7 4. Nf3 d6 5. e4 Nbd7 6. Be2 e5 7. dxe5 dxe5 8.
Bg5 O-O 9. Nd5 h6 10. Nxf6+ Nxf6 11. Qxd8 Rxd8 12. Bh4 g5 13. Bg3 Nxe4 14. Bxe5
Bxe5 15. Nxe5 f6 16. f3 Nd6 17. Ng4 Bxg4 18. fxg4 Re8 19. c5 Nc4 20. Kf2 Nd2
21. Rac1 Re5 22. Bf3 Nxf3 23. gxf3 Rae8 24. Rc2 f5 25. Rd1 fxg4 26. fxg4 R8e7
27. Rd3 Kf7 28. a3 Ke8 29. b4 Rf7+ 30. Kg2 Re1 31. Rcd2 Rfe7 32. Kf2 Rh1 33.
Kg2 Rhe1 34. Kf2 R1e4 35. h3 Rf4+ 36. Kg2 Rc4 37. Kf2 a5 38. Rd4 Rc3 39. R2d3
axb4 40. axb4 Rxd3 41. Rxd3 Re4 42. Re3 Rxe3 43. Kxe3 Ke7 44. Ke4 Ke6 45. b5 b6
46. Kd4 bxc5+ 47. Kxc5 Kd7 48. Kd5 Kc8 49. Ke6 Kb7 50. Kd5 Kb6 51. Kc4 c5 52.
bxc6 Kxc6 53. Kd4 Kd6 54. Ke4 Ke6 1/2-1/2

[Event "Excelsior February U1900"]
[Site "Toronto CAN"]
[Date "2023.02.05"]
[Round "5.20"]
[White "Desikan, Ajith"]
[Black "Sreekumar, Gayathri"]
[Result "1-0"]
[WhiteElo "1764"]
[BlackElo "977"]
[PlyCount "47"]
[EventDate "2023.02.03"]
[EventType "swiss"]
[EventRounds "5"]
[EventCountry "CAN"]

1. d4 Nf6 2. Bf4 g6 3. Nc3 Bg7 4. e4 d6 5. Qd2 O-O 6. O-O-O Nbd7 7. Bh6 c5 8.
Bxg7 Kxg7 9. d5 a6 10. f4 b5 11. Nf3 Qa5 12. e5 dxe5 13. fxe5 Ng4 14. h4 b4 15.
Nb1 Qxa2 16. h5 b3 17. Bc4 Ngxe5 18. Bxb3 Qa1 19. Nxe5 Nxe5 20. hxg6 Ng4 21.
gxh7 a5 22. h8=Q+ Rxh8 23. Qg5+ Kf8 24. Rxh8# 1-0